The new cambridge english course; student 3 intermediate /
Guardado en:
| Autor Principal: | |
|---|---|
| Otros Autores: | |
| Formato: | Libro |
| Publicado: |
Inglaterra :
Cambridge University,
1992
|
| Materias: | |
| Etiquetas: |
Agregar Etiqueta
Sin Etiquetas, Sea el primero en etiquetar este registro!
|
| LEADER | 00526nam a22001815a 4500 | ||
|---|---|---|---|
| 001 | CEM.cems007406 | ||
| 005 | 20060214000000.0 | ||
| 008 | 130507s1992##################000#0#####d | ||
| 003 | CEMS | ||
| 082 | 0 | 4 | |a 428.64 |
| 100 | 1 | |a Swan, Michael | |
| 245 | 1 | 0 | |a The new cambridge english course; student 3 intermediate / |
| 260 | |a Inglaterra : |b Cambridge University, |c 1992 | ||
| 300 | |a 144 p. | ||
| 653 | |a Ingles | ||
| 653 | |a Ingles-textos | ||
| 700 | 1 | |a Walter, Catherine | |
| 859 | |a CEMS |b BIB. CEMS - 11 de abril |h 428.64 |i Sw99/3 |p 17307.93 |t Ej.1 | ||
